<?xml version="1.0" encoding="UTF-8"?><?xml-stylesheet type="text/xsl" href="static/style.xsl"?><OAI-PMH xmlns="http://www.openarchives.org/OAI/2.0/" xmlns:xsi="http://www.w3.org/2001/XMLSchema-instance" xsi:schemaLocation="http://www.openarchives.org/OAI/2.0/ http://www.openarchives.org/OAI/2.0/OAI-PMH.xsd"><responseDate>2026-06-01T04:38:00Z</responseDate><request verb="GetRecord" identifier="oai:riuma.uma.es:10630/16283" metadataPrefix="marc">https://riuma.uma.es/rest/oai/request</request><GetRecord><record><header><identifier>oai:riuma.uma.es:10630/16283</identifier><datestamp>2026-02-03T12:12:37Z</datestamp><setSpec>com_10630_2254</setSpec><setSpec>col_10630_37959</setSpec></header><metadata><record xmlns="http://www.loc.gov/MARC21/slim" xmlns:dcterms="http://purl.org/dc/terms/" xmlns:doc="http://www.lyncode.com/xoai" xmlns:xsi="http://www.w3.org/2001/XMLSchema-instance" xsi:schemaLocation="http://www.loc.gov/MARC21/slim http://www.loc.gov/standards/marcxml/schema/MARC21slim.xsd">
   <leader>00925njm 22002777a 4500</leader>
   <datafield ind2=" " ind1=" " tag="042">
      <subfield code="a">dc</subfield>
   </datafield>
   <datafield ind2=" " ind1=" " tag="720">
      <subfield code="a">Luque-Liñán, María Luisa</subfield>
      <subfield code="e">author</subfield>
   </datafield>
   <datafield ind2=" " ind1=" " tag="720">
      <subfield code="a">Rodríguez-Santos, José Miguel</subfield>
      <subfield code="e">author</subfield>
   </datafield>
   <datafield ind2=" " ind1=" " tag="720">
      <subfield code="a">Calleja-Reina, Marina</subfield>
      <subfield code="e">author</subfield>
   </datafield>
   <datafield ind2=" " ind1=" " tag="260">
      <subfield code="c">2018</subfield>
   </datafield>
   <datafield ind2=" " ind1=" " tag="520">
      <subfield code="a">El TDAH es un trastorno del neurodesarrollo que se caracteriza por conductas de inatención e hiperactividad y es el trastorno psiquiátrico más frecuente en niños con trastornos del lenguaje. Los TDAH es más probable que presenten dificultades de lenguaje expresivo que pueden reflejar limitaciones de comprensión subyacentes. Sin embargo, aún no se ha determinado qué déficits específicos de lenguaje están relacionados sólo con el TDAH.&#xd;
El TEA es un trastorno del neurodesarrollo que presenta una amplia variabilidad de habilidades lingüísticas. Los Trastornos de Espectro Autista de Alto Funcionamiento (TEA-AF) obtienen un rendimiento inferior en tareas de lenguaje expresivo y receptivo. Incluso los niños TEA-AF con buenos resultados mantienen déficits residuales en algunos aspectos de lenguaje.&#xd;
Objetivo. El objetivo de nuestro trabajo fue explorar el perfil de dificultades psicolingüísticas en una muestra de TDAH y TEA-AF, ambos sin trastorno del lenguaje.&#xd;
Método&#xd;
Participantes. En nuestro estudio participaron tres grupos: a) TDAH (n=10), b) TEA-AF (n=10) y c) un grupo de desarrollo típico (n=10), igualados en edad (8-12 años), cociente intelectual verbal (>85), cociente intelectual manipulativo (>85), nivel global de lenguaje (80-120). Se descartó la presencia de otros diagnósticos comórbidos.&#xd;
Materiales: hemos administrado las pruebas correspondientes al índice global de lenguaje y la prueba complementaria entendiendo párrafos del CELF-4 a todos los participantes.&#xd;
Resultados: el rendimiento de ambos grupos indica un perfil con similitudes comunes que muestra dificultades que permite diferenciarlos del grupo de desarrollo típico. &#xd;
Conclusiones: la ausencia de trastorno del lenguaje en TDAH y TEA-AF puede enmascarar dificultades de lenguaje subyacentes por lo que es necesario explorar las habilidades lingüísticas en el TDAH y el TEA-AF.</subfield>
   </datafield>
   <datafield ind1="8" ind2=" " tag="024">
      <subfield code="a">Libro de actas del XXXI Congreso Internacional AELFA-IF Granada junio 2018</subfield>
   </datafield>
   <datafield ind1="8" ind2=" " tag="024">
      <subfield code="a">https://hdl.handle.net/10630/16283</subfield>
   </datafield>
   <datafield tag="653" ind2=" " ind1=" ">
      <subfield code="a">Lenguaje - Trastornos en niños - Congresos</subfield>
   </datafield>
   <datafield ind2="0" ind1="0" tag="245">
      <subfield code="a">Similitudes TDAH y TEA-AF en el perfil lingüístico usando el CELF-4</subfield>
   </datafield>
</record>
</metadata></record></GetRecord></OAI-PMH>